|
|
|
|
| LEADER |
00000nab a2200000 a 4500 |
| 001 |
vtls000361898 |
| 003 |
SK-MaSNL |
| 005 |
20260304080251.0 |
| 008 |
250424c1989 xo 0 slo |
| 015 |
|
|
|a SNBRB19rr/mm-uuuuu
|
| 035 |
|
|
|a CL0362020
|
| 035 |
|
|
|a (urnnbn)urn:nbn:sk:snk:ar-004tiu
|
| 035 |
|
|
|a (uuid)2379fff9-8e15-45c0-b4f1-bec207bfdd80
|
| 035 |
|
|
|a urn:nbn:sk:snk-ab7xpk
|
| 040 |
|
|
|a SNKBUCL
|b slo
|c SNKBUCL
|e AACR2
|
| 041 |
0 |
|
|a slo
|
| 044 |
|
|
|a xo
|c SK
|
| 080 |
|
|
|a 737
|2 1981
|
| 100 |
1 |
|
|a K.Sch.
|4 aut
|9 1210004
|
| 245 |
1 |
0 |
|a Numismatický sborník
|c K. Sch.
|
| 650 |
0 |
7 |
|a numizmatika
|2 snkbucl
|9 2900
|
| 655 |
|
7 |
|a články z novín a časopisov
|2 snkbucl
|9 267496
|
| 773 |
0 |
|
|t Historický časopis
|g Roč. 37, č. 2 (1989), s. 331
|
| 787 |
0 |
8 |
|i Rec.:
|t Numismatický sborník
|d Praha : Academia, 1986
|
| 850 |
|
|
|a Slovenská národná knižnica
|
| 852 |
|
|
|a Slovenská národná knižnica
|
| 954 |
|
|
|a odborná, vedecká literatúra pôvodná (slovenská)
|2 lita
|
| 958 |
|
|
|a article9
|
| 958 |
|
|
|a OND
|
| 958 |
|
|
|a RK
|
| 958 |
|
|
|a EUIPO
|
| 992 |
|
|
|a RBX
|
| 999 |
|
|
|c 2785721
|d 2787651
|